|
|
|
|
| LEADER |
01654nam a2200433Ia 4500 |
| 001 |
EBC557561 |
| 003 |
MiAaPQ |
| 005 |
20200520144314.0 |
| 006 |
m o d | |
| 007 |
cr cn||||||||| |
| 008 |
100210s2010 ilua sb 001 0 eng d |
| 010 |
|
|
|z 2010005834
|
| 020 |
|
|
|z 9780226100593 (cloth : alk. paper)
|
| 020 |
|
|
|z 9780226100616 (pbk. : alk. paper)
|
| 020 |
|
|
|z 0226100596 (cloth : alk. paper)
|
| 020 |
|
|
|z 0226100618 (pbk. : alk. paper)
|
| 035 |
|
|
|a (MiAaPQ)EBC557561
|
| 035 |
|
|
|a (Au-PeEL)EBL557561
|
| 035 |
|
|
|a (CaPaEBR)ebr10402595
|
| 035 |
|
|
|a (CaONFJC)MIL267898
|
| 035 |
|
|
|a (OCoLC)650530197
|
| 040 |
|
|
|a MiAaPQ
|c MiAaPQ
|d MiAaPQ
|
| 050 |
|
4 |
|a HB127.5.G6
|b C53 2010
|
| 082 |
0 |
4 |
|a 382/.709667
|2 22
|
| 100 |
1 |
|
|a Chalfin, Brenda.
|
| 245 |
1 |
0 |
|a Neoliberal frontiers
|h [electronic resource] :
|b an ethnography of sovereignty in West Africa /
|c Brenda Chalfin.
|
| 260 |
|
|
|a Chicago ;
|a London :
|b University of Chicago Press,
|c 2010.
|
| 300 |
|
|
|a xx, 297 p. :
|b ill.
|
| 504 |
|
|
|a Includes bibliographical references and index.
|
| 533 |
|
|
|a Electronic reproduction. Ann Arbor, MI : ProQuest, 2015. Available via World Wide Web. Access may be limited to ProQuest affiliated libraries.
|
| 610 |
1 |
0 |
|a Ghana.
|b Customs, Excise, and Preventive Service.
|
| 650 |
|
0 |
|a Neoliberalism
|z Ghana.
|
| 650 |
|
0 |
|a Neoliberalism
|z Africa, West.
|
| 650 |
|
0 |
|a Customs administration
|z Ghana.
|
| 650 |
|
0 |
|a Customs administration
|z Africa, West.
|
| 650 |
|
0 |
|a Sovereignty.
|
| 655 |
|
4 |
|a Electronic books.
|
| 710 |
2 |
|
|a ProQuest (Firm)
|
| 856 |
4 |
0 |
|u https://ebookcentral.proquest.com/lib/matrademy/detail.action?docID=557561
|z Click to View
|